Sports Quiz

Random Sports or Rugby Quiz
Score 0/97 Timer 20:00
0 Plays Today
Debut Game Player Name % Correct
02/06/2012, BarbariansLiam Williams
94.2%
16/06/2017, TongaWyn Jones
94.1%
02/06/2018, South AfricaTomos Williams
93.6%
04/06/2011, BarbariansScott Williams
92.9%
30/05/2009, CanadaJonathan Davies
92.4%
08/06/2013, JapanOwen Williams
92.4%
16/06/2017, TongaOwen Williams
92.4%
20/08/2011, ArgentinaLloyd Williams
92.2%
14/06/2014, South AfricaGareth Davies
92.2%
02/06/2012, BarbariansRhodri Jones
91.9%
22/11/2013, TongaRhodri Williams
91.5%
08/02/2009, ScotlandBradley Davies
91%
16/06/2017, TongaAled Davies
91%
05/11/2016, AustraliaSam Davies
90.8%
09/06/2018, ArgentinaJames Davies
90.5%
12/11/2010, South AfricaGeorge North
90.1%
16/06/2017, TongaSeb Davies
89.5%
08/11/2008, South AfricaLeigh Halfpenny
86.1%
14/11/2008, CanadaDan Biggar
84%
06/06/2009, United StatesSam Warburton
83.3%
04/06/2011, BarbariansTaulupe Faletau
80.6%
26/09/2011, NamibiaKen Owens
79.9%
09/02/2008, ScotlandJamie Roberts
76.9%
20/08/2011, ArgentinaJustin Tipuric
76.4%
10/03/2012, ItalyRhys Webb
76.2%
14/03/2015, IrelandRob Evans
75.1%
03/11/2018, ScotlandJarrod Evans
73.8%
16/06/2017, TongaSteff Evans
73.7%
02/12/2017, South AfricaHadleigh Parkes
73.6%
30/05/2009, CanadaDaniel Evans
72.1%
14/11/2008, CanadaMartin Roberts
72%
08/08/2015, IrelandRoss Moriarty
68.8%
11/06/2016, New ZealandEllis Jenkins
66.2%
Debut Game Player Name % Correct
15/06/2013, JapanJosh Navidi
65.3%
03/02/2018, ScotlandJosh Adams
65.2%
08/02/2014, IrelandJake Ball
65%
08/08/2015, IrelandGareth Anscombe
64%
21/11/2009, ArgentinaDan Lydiate
63.8%
16/11/2013, ArgentinaSamson Lee
62.9%
03/12/2011, AustraliaAlex Cuthbert
62.8%
12/02/2010, ScotlandRhys Priestland
58.4%
08/06/2013, JapanRhys Patchell
54.6%
05/11/2016, AustraliaCory Hill
54.2%
08/06/2013, JapanEmyr Phillips
53.8%
22/11/2013, TongaHallam Amos
51%
29/08/2015, IrelandTomas Francis
51%
23/06/2017, SamoaAdam Beard
49.3%
12/02/2012, ScotlandAaron Shingler
47.7%
11/11/2017, AustraliaOwen Watkin
47.3%
09/06/2018, ArgentinaAaron Wainwright
46.7%
18/11/2017, GeorgiaElliot Dee
45.6%
14/06/2014, South AfricaMatthew Morgan
45.4%
08/08/2015, IrelandTyler Morgan
45%
03/11/2018, ScotlandLuke Morgan
45%
16/06/2017, TongaDillon Lewis
43.8%
15/11/2014, FijiNicky Smith
42.1%
11/11/2017, AustraliaLeon Brown
40.9%
06/02/2010, EnglandRichie Rees
38.6%
15/06/2013, JapanScott Baldwin
35.1%
16/06/2017, TongaRyan Elias
35%
08/11/2008, South AfricaAndy Powell
33.7%
16/06/2017, TongaThomas Young
29.7%
31/08/2019, IrelandOwen Lane
28%
02/06/2012, BarbariansHarry Robinson
25.3%
16/11/2013, ArgentinaCory Allen
24.1%
17/11/2018, TongaJonah Holmes
24.1%
Debut Game Player Name % Correct
20/03/2010, ItalyTom Prydie
23.4%
08/08/2015, IrelandKristian Dacey
22.4%
08/08/2015, IrelandEli Walker
20.8%
19/06/2010, New ZealandTavis Knoyle
18.8%
12/02/2010, ScotlandJosh Turnbull
17.4%
08/06/2013, JapanJames King
17.4%
16/06/2017, TongaOllie Griffiths
17.4%
09/06/2012, AustraliaAshley Beck
16%
04/06/2011, BarbariansScott Andrews
15.8%
08/06/2013, JapanDan Baker
15.7%
02/02/2013, IrelandAndrew Coombs
15.4%
13/02/2010, IrelandRhys Gill
14.7%
10/11/2012, ArgentinaAaron Jarvis
14.7%
04/06/2011, BarbariansRyan Bevington
14.6%
04/06/2011, BarbariansLloyd Burns
14.1%
14/06/2008, South AfricaAndrew Bishop
13.9%
11/11/2017, AustraliaSam Cross
13.5%
08/08/2015, IrelandDominic Day
13.2%
02/02/2013, IrelandOlly Kohn
12.2%
30/05/2009, CanadaCraig Mitchell
12%
12/02/2012, ScotlandLou Reed
11.9%
26/06/2010, New ZealandWill Harries
10.8%
02/06/2012, BarbariansAdam Warren
9.9%
31/08/2019, IrelandRhys Carré
9.9%
08/06/2013, JapanDafydd Howells
9.7%
23/06/2017, SamoaRory Thornton
9.3%
07/06/2008, South AfricaWarren Fury
9.1%
08/06/2013, JapanAndries Pretorius
8.9%
05/06/2010, South AfricaRob McCusker
8.2%
30/05/2009, CanadaJonathan Spratt
8.1%
14/11/2008, CanadaEifion Lewis-Roberts
3.9%
Come Together.
Have Fun.
All Virtual.
We all need to come together. Play Sporcle's virtual live trivia to have fun, connect with people, and get your trivia on. Join a live hosted trivia game for your favorite pub trivia experience done virtually. If a virtual private party is more your thing, go here for details.

You're not logged in!

Compare scores with friends on all Sporcle quizzes.
OR
Log In

Sporcle TV

Today on Sporcle TV


Watch our educational content, quiz creation guides, and fun videos on Sporcle TV.

Show Comments

Extras

Top Quizzes Today


Score Distribution

Paid Content

Your Account Isn't Verified!

In order to create a playlist on Sporcle, you need to verify the email address you used during registration. Go to your Sporcle Settings to finish the process.

Report this User

Report this user for behavior that violates our Community Guidelines.

Details: